00731 2200253 4500001002100000005001700021008004100038035002400079082001100103090001800114100003400132245011400166250001000280260002200290300001900312500003700331650002700368700002000395850001500415980001300430985000600443986001300449999001500462YOGYA-0209000001411620090227022404.0 ind  0010-020900000014116 a297.64 a297.64bMab W aAL-MABTULY, Abu Ishak Ibrahim aWejangan waliyullahbpetunjuk menjadi kekasih AllahcAbu Ishak Ibrahim Al-Mabtuly;alih bahasa, Mahfudli Sahiy acet.6 aSolobAnekac1995 a138 hlmc21 cm aJudul asli : Al-Minahus Saniyyah aPendidikan agama Islam aSahiy, Mahfudli aYOPDYOG(B) a12-07-05 a1 aerrthrev a97P0100953